000 01082nam a22002417a 4500
001 EIF-IX-2016-M7-006
003 OSt
005 20221228090350.0
008 221228b |||||||| |||| 00| 0 eng d
040 _aFundación Jesús Pereda
_cFundación Jesús Pereda
041 _aCastellano
100 _uUniversitat Autònoma de Barcelona
_aMuñoz Jofre, Jaume
_9924
111 _aEncuentro de Investigadores del Franquismo
_c(Granada
_d2016.
_n9º)
_9101
245 _aDe la supervivencia a los matrimonios de conveniencia.
_bSocialistas españoles y catalanes durante el Franquismo y la Transición:
_f1945-1982
_c/Jaume Muñoz Jofre
610 0 _9581
_aPartido Socialista Unificado de Cataluña (PSUC)
610 0 _9757
_aPartido Socialista Obrero Español (PSOE)
650 0 _9925
_aSocialismo
650 0 _9534
_aTransición española
651 0 _9129
_aCataluña
773 _tActas del IX Encuentro de Investigadores del Franquismo
_g337-350 p.
856 _uhttps://bibliotecaccoocyl.fundacionjesuspereda.es/cgi-bin/koha/opac-retrieve-file.pl?id=304091f924dab1f26d0c3c414c29e7bf
942 _2ddc
_cCF
_n0
999 _c556
_d556